1923 1924 1408 1614 1660 1968 1042 1226 1822 1894 1615 1870 1834 1817 1382 1161 1229 1484 1138 1520 1524 1830 1308 1290 1138 1417 1502 1318 1987 1741 1573 1673 1987 1440 1255 1924 1447 1346 1809 1885 1821 1701 1589 1658 1153 1944 1301 1528 1774 1414 1928 1808 1090 1130 1791 1848 1316 1934 1567 1481 1992 1447 1041 1581 1944 1845 1332 1246 1807 1322 1391 1208 1718 1613 1734 1005 1520 1016 1428 1377 1592 1243 1875 1347 1867 1278 1840 1966 1628 1844 1674 1085 1302 1755 1700 1101 1354 1217 1834 BCNSPRNW ULIB Ver.6.0+V

เปลี่ยนเป็นภาษาไทย

Change to English
 แสดงรายละเอียดบรรณานุกรม
  กลับหน้าหลัก

Brief Record : Get Marc (ISO 2709) : E-mail record : QR code < ปิดหน้าต่าง
LEADER : 00000nam 2200000uu 4500
001    13399124780
003     ULIB
008    160323s2015||||th 000 0 eng d
020    ^a9781451192711
020    ^a1451192711
060 04 ^aWY100^bL989t
100 1  ^aLynn, Pamela Barbara
245 10 ^aTaylor s clinical nursing skills :^ba nursing processapproach /^cPamela Lynn.
246 13 ^aClinical nursing skills.
250    ^a4th ed.
260    ^aPhiladelphia :^bWolters Kluwer/Lippincott Williams &Wilkins Health,^c2015.
300    ^axx, 1116 p. :^bcol. ill. ;^c28 cm.
504    ^aIncludes bibliographical references and index.
650  2 ^aNursing.
650  2 ^aNursing Process.
650  2 ^aNursing Care^xmethods.
700 1  ^aTaylor, Carol.
945    ^p2800^l0^i000329
999    ^aเกษร โพธิ์สุวรรณ
รายการนี้ยังไม่มีแท็ก
คุณยังไม่ได้ล็อกอิน คุณสามารถมีกิจกรรมร่วมกับเว็บไซต์ได้ แต่ต้องล็อกอินก่อน ::
  ล็อกอิน

รายการสื่อสารสนเทศ

ลำดับที่ ประเภท เลขเรียก/บาร์โค้ด สถานที่ สถานะ
1. Book การพยาบาล
Book การพยาบาล
WY100 L989t ฉ.1 
  Barcode: 000329
ห้องสมุดวิทยาเขตสวรรค์ประชารักษ์
►หนังสือทั่วไป
ถูกยืม กำหนดส่งวันที่ 30 มิถุนายน 2568
  จอง

รายการใกล้เคียง
    หัวเรื่อง [Nursing.]
    หัวเรื่อง [Nursing Process.]

BibComment


ยังไม่เคยถูกคอมเมนท์

คอมเมนท์ทรัพยากรรายการนี้
  คอมเมนท์: Taylor s clinica..


 Copyright 2026. Bcnsprnw @Library